Statistiques concernant Intercommunalités du Cantal

Cliquez ici pour prendre le quiz!

Statistiques générales

  • Ce quiz a été pris 12 fois
  • Le résultat moyen est 5 sur 9

Statistiques - réponses

Nombres de communesIntercommunalités% Correct
25Communauté d'Agglomération du Bassin d'Aurillac
100%
53Saint-Flour Communauté
92%
11Communauté de Communes du Pays de Mauriac
83%
35Hautes Terres Communauté
67%
11Communauté de Communes Cère et Goul en Carladès
50%
27Communauté de Communes du Pays de Salers
50%
17Communauté de Communes du Pays Gentiane
42%
50Communauté de Communes de la Châtaigneraie Cantalienne
17%
16Communauté de Communes Sumène Artense
17%

Distribution des résultats

Percentile par nombre de réponses

% des personnes avec chaque résultat

Votre développement - résultats

Vous n’avez pas pris ce quiz